<?xml version="1.0" encoding="UTF-8"?>
<marc:record xmlns:marc="http://www.loc.gov/MARC21/slim">
   <marc:leader>00000nam a2200000 a 4500</marc:leader>
   <marc:datafield ind1="1" ind2=" " tag="100">
      <marc:subfield code="a">Schulz, Horst H.</marc:subfield>
      <marc:subfield code="4">aut</marc:subfield>
      <marc:subfield code="e">Verfasser/-in</marc:subfield>
   </marc:datafield>
   <marc:datafield ind1="1" ind2=" " tag="100">
      <marc:subfield code="a">Macher, Julia</marc:subfield>
      <marc:subfield code="4">aut</marc:subfield>
      <marc:subfield code="e">Verfasser/-in</marc:subfield>
   </marc:datafield>
   <marc:datafield ind1=" " ind2=" " tag="653">
      <marc:subfield code="a">Barcelona</marc:subfield>
   </marc:datafield>
   <marc:datafield ind1=" " ind2=" " tag="653">
      <marc:subfield code="a">Cadaques</marc:subfield>
   </marc:datafield>
   <marc:datafield ind1=" " ind2=" " tag="653">
      <marc:subfield code="a">Can Quintana</marc:subfield>
   </marc:datafield>
   <marc:datafield ind1=" " ind2=" " tag="653">
      <marc:subfield code="a">Cap de Begur</marc:subfield>
   </marc:datafield>
   <marc:datafield ind1=" " ind2=" " tag="653">
      <marc:subfield code="a">Girona</marc:subfield>
   </marc:datafield>
   <marc:datafield ind1=" " ind2=" " tag="653">
      <marc:subfield code="a">Jardi Botanic Marimurtra</marc:subfield>
   </marc:datafield>
   <marc:datafield ind1=" " ind2=" " tag="653">
      <marc:subfield code="a">La Bisbal</marc:subfield>
   </marc:datafield>
   <marc:datafield ind1=" " ind2=" " tag="653">
      <marc:subfield code="a">Lloret de Mar</marc:subfield>
   </marc:datafield>
   <marc:datafield ind1=" " ind2=" " tag="653">
      <marc:subfield code="a">Peratalloda</marc:subfield>
   </marc:datafield>
   <marc:datafield ind1=" " ind2=" " tag="653">
      <marc:subfield code="a">Ramblas</marc:subfield>
   </marc:datafield>
   <marc:datafield ind1=" " ind2=" " tag="653">
      <marc:subfield code="a">Teatro Museo Dali</marc:subfield>
   </marc:datafield>
   <marc:datafield ind1=" " ind2=" " tag="653">
      <marc:subfield code="a">Tossa de Mar</marc:subfield>
   </marc:datafield>
   <marc:datafield ind1=" " ind2=" " tag="653">
      <marc:subfield code="a">Ullastret</marc:subfield>
   </marc:datafield>
   <marc:datafield ind1=" " ind2=" " tag="653">
      <marc:subfield code="a">Softcover / Reisen/Reiseführer/Europa</marc:subfield>
   </marc:datafield>
   <marc:datafield ind1=" " ind2=" " tag="653">
      <marc:subfield code="a">Führer</marc:subfield>
   </marc:datafield>
   <marc:datafield ind1="0" ind2="0" tag="245">
      <marc:subfield code="a">Costa Brava, Barcelona</marc:subfield>
   </marc:datafield>
   <marc:datafield ind1="0" ind2="0" tag="245">
      <marc:subfield code="c">Marco Polo Koautorin  Julia Macher ; Autor: Horst H. Schulz</marc:subfield>
   </marc:datafield>
   <marc:datafield ind1=" " ind2="1" tag="264">
      <marc:subfield code="a">Ostfildern</marc:subfield>
      <marc:subfield code="b">MairDumont GmbH &amp; Co. KG</marc:subfield>
      <marc:subfield code="c">2017</marc:subfield>
   </marc:datafield>
   <marc:datafield ind1="1" ind2=" " tag="490">
      <marc:subfield code="a">Marco Polo</marc:subfield>
   </marc:datafield>
   <marc:datafield ind1=" " ind2=" " tag="250">
      <marc:subfield code="a">14. Auflage, komplett überarbeitet und neu gestaltet</marc:subfield>
   </marc:datafield>
   <marc:datafield ind1="1" ind2=" " tag="520">
      <marc:subfield code="a">Angaben aus der Verlagsmeldung

MARCO POLO Reiseführer Costa Brava, Barcelona : Reisen mit Insider-Tipps. Inklusive kostenloser Touren-App &amp; Update-Service / von Horst H. Schulz

Kompakte Informationen, Insider-Tipps, Erlebnistouren und digitale Extras:
Entdecken Sie mit MARCO POLO die Costa Brava und ihr Hinterland intensiv vom legendären Partystädtchen Lloret de Mar bis zum Teatro Museo Dalí in Figueres – mit dem MARCO POLO Reiseführer kommen Sie sofort an der Costa Brava an. Erfahren Sie, welche Highlights Sie neben den einsamen Buchten im Parc Natural del Cap de Creus und der pittoresken Altstadt von Girona nicht verpassen dürfen, was es mit den 5 m hohen Pappmaché-Gegants auf sich hat und warum die tägliche Fischauktion in Palamós ein auch für Unbeteiligte sehenswertes Schauspiel ist.
Die Insider-Tipps der Autorin lassen Sie die Costa Brava individuell und authentisch erleben und mit den Low-Budget-Tipps sparen Sie bares Geld. Erkunden Sie die Costa Brava in all ihren Facetten mit den maßgeschneiderten MARCO POLO Erlebnistouren. Das speziell dafür entwickelte Design sorgt - schon beim Lesen und umso mehr vor Ort - für größtmögliche Orientierung.
Die kostenlose Touren-App führt Sie digital (und ohne Roaminggebühren) auf den besonderen Wegen der Erlebnistouren. Und der Online-Update-Service mit aktuellen Veranstaltungen (Ausstellungen, Konzerten, Festivals, Sportevents...) für die nächsten 6 Monate, brandaktuellen Informationen zu den Printinhalten und zusätzlichen Insider-Tipps hält Sie immer auf dem neuesten Stand. In jedem Band gibt es einen übersichtlichen Reiseatlas und eine herausnehmbare Faltkarte - in beide sind natürlich die Erlebnistouren eingetragen.
</marc:subfield>
   </marc:datafield>
   <marc:datafield ind1=" " ind2=" " tag="020">
      <marc:subfield code="a">9783829727334</marc:subfield>
      <marc:subfield code="9">9783829727334</marc:subfield>
   </marc:datafield>
   <marc:datafield ind1=" " ind2=" " tag="020">
      <marc:subfield code="a">382972733X</marc:subfield>
      <marc:subfield code="9">382972733X</marc:subfield>
   </marc:datafield>
   <marc:datafield ind1=" " ind2=" " tag="041">
      <marc:subfield code="a">ger</marc:subfield>
   </marc:datafield>
   <marc:datafield ind1=" " ind2=" " tag="300">
      <marc:subfield code="a">136 Seiten</marc:subfield>
   </marc:datafield>
</marc:record>
